Catálogo

Vista normal Vista MARC

Entrada Personal Name

Número de registros utilizados en: 1

001 - CONTROL NUMBER

  • control field: 9954

003 - CONTROL NUMBER IDENTIFIER

  • control field: DLC

005 - DATE AND TIME OF LATEST TRANSACTION

  • control field: 20200721144730.0

008 - FIXED-LENGTH DATA ELEMENTS

  • fixed length control field: 831220n| azannaab |n aaa

010 ## - LIBRARY OF CONGRESS CONTROL NUMBER

  • LC control number: 82235865

040 ## - CATALOGING SOURCE

  • Original cataloging agency: DLC
  • Transcribing agency: Mx-PuUPA
  • Description conventions: rda
  • Modifying agency: DLC
  • Modifying agency: Mx-PuUPA

100 1# - HEADING--PERSONAL NAME

  • Personal name: Bateman, Thomas S.,

372 ## - FIELD OF ACTIVITY

  • Field of activity: Administración

374 ## - OCCUPATION

  • Occupation: Autor

375 ## - GENDER

  • Gender: hombre

377 ## - ASSOCIATED LANGUAGE

  • Language code: spa

670 ## - SOURCE DATA FOUND

  • Source citation: Method & analysis in org. resch., c1984:
  • Information found: CIP t.p. (Thomas S. Bateman; Tex. A&M U.)

670 ## - SOURCE DATA FOUND

  • Source citation: Organ, D. W. Organizational behavior, 1986:
  • Information found: t.p. (Thomas Bateman, Texas A&M University)

670 ## - SOURCE DATA FOUND

  • Source citation: Management, 2017:
  • Information found: eCIP t.p. (Thomas S. Bateman) data view screen (McIntire School of Commerce, University of Virginia, c/o University of Virginia, McIntire School of Commerce, Charlottesville, VA)

670 ## - SOURCE DATA FOUND

  • Source citation: Administración, 2001:
  • Information found: portada (Thomas S. Bateman)